| 000 | 00786nam a22001937a 4500 | ||
|---|---|---|---|
| 003 | NALT | ||
| 005 | 20220517110635.0 | ||
| 008 | s2528 th tha d | ||
| 040 | _aNALT | ||
| 041 | _atha | ||
| 090 | _aอศ อ641ท 2528 | ||
| 245 | 0 | 0 | _aที่ระลึกเนื่องในงานพระราชทานเพลิงศพ หม่อมราชวงศ์ อายุมงคล โสณกุล ต.จ. |
| 260 |
_aกรุงเทพฯ : _bโรงพิมพ์สยามรัฐ, _c2528. |
||
| 300 |
_a1 เล่ม : _bภาพประกอบ ; _c29 ซม. |
||
| 600 | 0 | 4 |
_958034 _aอายุมงคล โสณกุล, _cม.ร.ว., _d2481-2528. |
| 850 | _aNALT | ||
| 942 |
_cCRE _2local |
||
| 998 |
_cDAO _j1020 _k จำเรียง ระวังสำโรง |
||
| 999 |
_c23403 _d23403 |
||